In vitro and ex vitro production of Schomburgkia crispa: effect of flask sealing systems and different light sources (Registro n. 339189)
[ somente texto ]
| 000 -LÍDER | |
|---|---|
| fixed length control field | 04137nab a2200301 i 4500 |
| 003 - CÓDIGO MARC DA AGÊNCIA CATALOGADORA | |
| Campo de controle | BR-BrBNA |
| 005 - DATA E HORA DA ÚLTIMA ATUALIZAÇÃO | |
| Campo de controle | 20251124153031.0 |
| 008 - CAMPO DE TAMANHO FIXO | |
| fixed length control field | 251124b2023 bl.ar|pooa||| 00| 0 eng | |
| 040 ## - FONTE DA CATALOGAÇÃO | |
| Agência catalogadora | BR-BrBNA |
| Idioma da catalogação | eng |
| 072 ## - CATEGORIA AGRIS | |
| Código AGRIS | F02 |
| 100 ## - ENTRADA PRINCIPAL - NOME PESSOAL | |
| Nome pessoal | Ramos, Jéssica Celeste Mônico |
| 100 ## - ENTRADA PRINCIPAL - NOME PESSOAL | |
| Nome pessoal | Ribeiro, Luan Marlon |
| 100 ## - ENTRADA PRINCIPAL - NOME PESSOAL | |
| Nome pessoal | Nunes, Geisianny Pereira |
| 100 ## - ENTRADA PRINCIPAL - NOME PESSOAL | |
| Nome pessoal | Soares, Jackeline Schultz |
| 100 ## - ENTRADA PRINCIPAL - NOME PESSOAL | |
| Nome pessoal | Sorgato, José Carlos |
| 245 ## - TÍTULO PRINCIPAL | |
| Título principal | In vitro and ex vitro production of Schomburgkia crispa: effect of flask sealing systems and different light sources |
| 500 ## - NOTA GERAL | |
| Nota geral | Publicação on-line; 41 ref.; 2 tables; 4 illus.; Summaries (En, Pt) |
| 942 ## - ADDED ENTRY ELEMENTS (KOHA) | |
| Koha item type | Analítica |
| 520 ## - NOTA DE RESUMO | |
| Nota de conteúdo | <br/><br/>Abstract<br/><br/>The extraction of native orchids from natural habitats is relevant for the reduction of populations in the<br/>Cerrado biome, making it necessary to establish practices aiming their production both for reintroduction and<br/>commercialization. The objective here is to evaluate light sources and sealing systems on the in vitro and ex <br/>vitro growth of Schomburgkia crispa. Two flask sealing systems were tested: conventional (CSS) and with<br/>gas exchange (SSGE), and eight light sources: FL1- 100% white LED, FL2- 100% blue LED, FL3- 100% red<br/>LED, FL4- 50% white + 25% red + 25% blue LED, FL5- 50% red + 50% blue LED, FL6- 25% red + 75%<br/>blue LED, FL7- 75% red + 25% blue LED, and FL8- with fluorescent lamp, with five replications in each<br/>treatment. A completely randomized design was adopted with a 2x8 factorial scheme (vial sealing system x<br/>light sources). After 120 days of cultivation in vitro and 180 days ex vitro, the plants were evaluated as for<br/>number of leaves, roots and shoots, plant height, pseudobulb diameter, length of the largest root, largest leaf,<br/>and fresh mass. For the in vitro growth, the use of SSGE together with the light sources blue and red favors<br/>the cultivation of S. crispa. For the ex vitro growth, the cultivation in vitro in SSGE together with FL4 affects<br/>the acclimatization of plants.<br/><br/>Key words: acclimatization, light sources, micropropagation, native species, Orchidaceae.<br/><br/><br/><br/><br/>Resumo<br/><br/>A extração de orquídeas nativas dos habitats naturais constitui um fator relevante para a diminuição das<br/>populações do bioma Cerrado, tornando-se necessário estabelecimento de práticas visando sua produção<br/>tanto para reintrodução quanto para comercialização. Objetivou-se avaliar as fontes de luz e o sistema de<br/>vedação no crescimento in vitro e ex vitro de Shomburgkia crispa. Foram testados dois sistemas de vedação<br/>dos frascos: convencional (CSS) ou com trocas gasosas (SSGE) e oito fontes de luz: FL1 - LED 100% branca;<br/>FL2- LED 100% azul; FL3- LED 100% vermelha; FL4- LED 50% branca + 25% vermelha + 25%azul; FL5-<br/>LED 50% vermelha + 50% azul; FL6- LED 25% vermelha + 75% azul; FL7- LED 75% vermelha + 25%<br/>azul e FL8- fluorescente branca, com cinco repetições, em cada tratamento. Foi adotado um delineamento<br/>inteiramente casualizado em esquema fatorial 2x8 (sistema de vedação dos frascos x fontes de luz). Após<br/>120 dias de cultivo in vitro e 180 dias ex vitro, as plantas foram avaliadas quanto ao número de folhas, raízes<br/>e brotos, altura da planta, diâmetro do pseudobulbo, comprimento da maior raiz e da maior folha e massa<br/>fresca. Para o crescimento in vitro, a utilização do SSGE em conjunto com fontes de luz azul e vermelho,<br/>favoreceu o cultivo de S. crispa. Para o crescimento ex vitro, o cultivo in vitro em SSGE em conjunto com<br/>FL4, influenciou a aclimatização das plantas.<br/><br/>Palavras-chave: aclimatização, fontes de luz, micropropagação, espécies nativas, Orchidaceae. |
| 650 ## - ASSUNTO - THESAGRO | |
| Cabeçalho tópico ou nome geográfico | ACLIMATAÇÃO |
| 650 ## - ASSUNTO - THESAGRO | |
| Cabeçalho tópico ou nome geográfico | RADIAÇÃO LUMINOSA |
| 650 ## - ASSUNTO - THESAGRO | |
| Cabeçalho tópico ou nome geográfico | MICROPROPAGAÇÃO |
| 650 ## - ASSUNTO - THESAGRO | |
| Cabeçalho tópico ou nome geográfico | ESPÉCIE NATIVA |
| 650 ## - ASSUNTO - THESAGRO | |
| Cabeçalho tópico ou nome geográfico | ORCHIDACEAE |
| 773 0# - ENTRADA ANALÍTICA | |
| Host Biblionumber | 709 |
| Registro do item | 359038 |
| Imprenta | Rio de Janeiro-RJ Jardim Botanico do Rio de Janeiro 1935 |
| Outro identificador | 2025-7012 |
| Título | Rodriguésia (Brazil) |
| ISSN | 0370-6583; 2175-7860 on-line |
| Colação | v. 74 p. 1-12; (2023) |
| Número de controle de registro | BR2025004499 |
| 856 ## - ACESSO E ENDEREÇO ELETRÔNICO | |
| Identificador uniforme de recurso - URI | https://www.scielo.br/j/rod/a/sXSDx6bjc8GZtp5ZFhRzMtj/?format=pdf&lang=en |
Nenhum exemplar disponível.

BINAGRI